Normal view
MARC view
- FICTION / Romance / General.
Entry Topical Term
001 - CONTROL NUMBER
- control field: 4523
003 - CONTROL NUMBER IDENTIFIER
- control field: NUST
005 - DATE AND TIME OF LATEST TRANSACTION
- control field: 20170911120652.0
008 - FIXED-LENGTH DATA ELEMENTS
- fixed length control field: 170911|| aca||aabn | a|a d
040 ## - CATALOGING SOURCE
- Original cataloging agency: NUST
- Transcribing agency: NUST
150 ## - HEADING--TOPICAL TERM
- Topical term or geographic name entry element: FICTION / Romance / General.
670 ## - SOURCE DATA FOUND
- Source citation: Work cat.: (NUST)0: Roberts, Nora. 4521, Daring to dream /, 2012.
